Statistics for Guess the Taylor Swift song #24

Click here to take the quiz!

General Stats

  • This quiz has been taken 41 times
  • The average score is 238 of 336

Answer Stats

Answer% Correct
I
100%
mmm
100%
on
100%
you
100%
your
100%
a
97%
In
97%
in
97%
me
97%
the
97%
(the
97%
an
94%
and
94%
And
94%
my
94%
is
92%
it
92%
this
92%
to
92%
I'm
89%
like
89%
be
86%
all
83%
All
83%
It's
83%
love
83%
no
83%
of
83%
that
83%
back
81%
could
81%
(just
81%
Just
81%
just
81%
know
81%
now
81%
with
81%
for
75%
one
75%
or
75%
Or
75%
Got
72%
got
72%
I've
72%
not
72%
see
72%
time
72%
time)
72%
touch
72%
up
72%
was
72%
heart
69%
life
69%
oh
69%
whoa
69%
been
67%
break
67%
Cause
67%
electric
67%
mine
67%
want
67%
bring
64%
out
64%
either
61%
ever
61%
right)
61%
right
61%
feeling
58%
get
58%
first
53%
going
53%
okay
50%
things
50%
badly
47%
breathe
47%
every
47%
forever
47%
heat
47%
look
47%
need
47%
relax
47%
wanna
47%
fill
44%
it'll
44%
takes
44%
town
44%
call
42%
ghost
42%
hanging
42%
hour
42%
thinking
42%
til
42%
won't
42%
car's
39%
driveway
39%
ending
39%
history
39%
light
39%
money
39%
sadly
39%
stories
39%
align
36%
alone
36%
maybe
36%
Maybe
36%
stars
36%
trying
36%
used
36%
apart
33%
fell
33%
hard
33%
phone
33%
burn
31%
calling
31%
fire
31%
hoping
31%
sleeping
31%
space
31%
Still
31%
tonight
31%
two
31%
while
31%
accustomed
28%
along
28%
gotten
28%
grown
28%
left
28%
moment's
28%
rain
28%
8:05
25%
headlights
25%
lost
25%
tried
25%
pining
22%
string
22%
decide
19%

Score Distribution

Percentile by Number Answered

Percent of People with Each Score

Your Score History

You have not taken this quiz